| 000 | 01368cam a2200241 4500 | ||
|---|---|---|---|
| 001 | ##L113516 | ||
| 008 | 000000n2001 000 0 eng u | ||
| 020 | _a1902681266 | ||
| 035 | _a(Sirsi) u113516 | ||
| 041 | 0 | _aeng | |
| 050 | 0 | 4 | _a347.41067 $2 18 |
| 100 | 1 | _aHall, Jean Graham | |
| 245 | 0 | 4 | _aThe expert witness |
| 250 | _a3rd ed. | ||
| 260 |
_aChichester _bBarry Rose _c2001 |
||
| 300 |
_axvii, 153p. _c21cm. |
||
| 350 | _a19.50 | ||
| 505 | 2 | _aEmergence of the expert witness -- access to justice report -- appointment of experts -- the written report of the expert witness -- outline of civil proceedings -- outlines of court hearings -- rules of evidence -- hearsay evidence -- the expert witness in the witness box -- the expert witness as advocate -- expert witnesses in arbitration cases -- liability of the expert witness -- terms of appointment -- the integrity of the expert witness -- checklist for the nervous novice -- model form of expert's report -- the Academy of Experts' form of expert's declaration -- arbitration and independent expert determination contrasted | |
| 520 | _aProvides a straightforward guide for experts new to participating in legal procededings. | ||
| 690 | _aMANAGEMENT-DISPUTE AVOIDANCE, MANAGEMENT AND RESOLUTION-DISPUTE MANAGEMENT AND RESOLUTION-EXPERT WITNESSES | ||
| 700 | 1 | _aSmith, Gordon D. | |
| 942 | _n0 | ||
| 999 |
_c101525 _d101525 |
||